000 01084cam a22003133a 4500
001 23072
003 PGUSA
005 20140828083506.0
008 071017s2007||||xxu|||||s|||||000 1 eng d
040 _aPGUSA
_beng
042 _adc
050 4 _aPZ
100 1 _aKingston, William Henry Giles,
_d1814-1880
245 1 4 _aThe Voyage of the "Steadfast" :
_bThe Young Missionaries in the Pacific
_h[electronic resource] /
_cWilliam Henry Giles Kingston
260 _bProject Gutenberg,
_c2007
506 _aPublic domain in the USA.
516 _aElectronic text
653 _aShipwreck survival -- Juvenile fiction
653 _aCastaways -- Juvenile fiction
653 _aAdventure and adventurers -- Juvenile fiction
653 _aMissionaries -- Juvenile fiction
653 _aVoyages and travels -- Juvenile fiction
653 _aSailing -- Juvenile fiction
653 _aConduct of life -- Juvenile fiction
653 _aChristian life -- Juvenile fiction
830 0 _aProject Gutenberg
_v23072
856 4 0 _uhttp://www.gutenberg.org/ebooks/23072
942 _cEB
999 _c252327
_d252327